[Event "Titled Tuesday intern op 27th Oct"]
[Site "Chess.com INT"]
[Date "2020.10.27"]
[Round "9"]
[White "Bogumil, Tatiana"]
[Black "Fernandez Sibaja, Felipe Josue"]
[Result "1-0"]
[WhiteElo "2182"]
[BlackElo "2031"]
[PlyCount "53"]
[EventDate "2020.10.27"]
[EventType "swiss (blitz)"]
[EventRounds "11"]
[EventCountry "USA"]
[SourceTitle "CBM 199 Extra"]
[Source "ChessBase"]
[SourceDate "2021.01.31"]
[SourceVersion "1"]
[SourceVersionDate "2021.01.31"]
[SourceQuality "1"]

1. Nf3 d5 2. c4 e6 3. b3 Nf6 4. Bb2 Be7 5. g3 0-0 6. Bg2 c5 7. 0-0 d4 8. b4 Qc7 9. bxc5 e5 10. d3 Nc6 11. Nbd2 Bxc5 12. Qc1 Re8 13. Ng5 Bg4 14. Re1 Bb4 15. h3 Bf5 16. Ba3 Bc3 17. Rb1 h6 18. Nge4 Bxe4 19. Nxe4 Nxe4 20. Bxe4 Bxe1 21. Qxe1 Qa5 22. Qc1 Rab8 23. Bd6 Rbd8 24. c5 Nb4 25. Qc4 Nxa2 26. Rxb7 Nc3 27. Qxf7+ 1-0

[Event "Titled Tuesday intern op 22nd Sept"]
[Site "Chess.com INT"]
[Date "2020.09.22"]
[Round "9"]
[White "Chitlange, Sakshi"]
[Black "Fernandez Sibaja, Felipe Josue"]
[Result "1-0"]
[WhiteElo "2167"]
[BlackElo "2031"]
[PlyCount "47"]
[EventDate "2020.09.22"]
[EventType "swiss (blitz)"]
[EventRounds "10"]
[EventCountry "USA"]
[SourceTitle "CBM 198 Extra"]
[Source "ChessBase"]
[SourceDate "2020.11.30"]
[SourceVersion "1"]
[SourceVersionDate "2020.11.30"]
[SourceQuality "1"]

1. d4 Nf6 2. Bf4 d5 3. e3 c5 4. Nd2 Nc6 5. Ngf3 Bf5 6. dxc5 e6 7. Nd4 Bg4 8. f3 Bh5 9. Nxc6 bxc6 10. b4 Nd7 11. Ba6 e5 12. Bg3 Rb8 13. a3 f5 14. c4 Bf7 15. cxd5 Bxd5 16. Bc4 Be7 17. 0-0 0-0 18. Qb3 f4 19. Bxd5+ cxd5 20. Qxd5+ Kh8 21. exf4 exf4 22. Bf2 Nf6 23. Qxd8 Rfxd8 24. Nc4 1-0

[Event "Titled Tuesday intern op 22nd Sept"]
[Site "Chess.com INT"]
[Date "2020.09.22"]
[Round "2"]
[White "Fernandez Sibaja, Felipe Josue"]
[Black "Batsiashvili, Nino"]
[Result "0-1"]
[WhiteElo "2031"]
[BlackElo "2467"]
[PlyCount "80"]
[EventDate "2020.09.22"]
[EventType "swiss (blitz)"]
[EventRounds "10"]
[EventCountry "USA"]
[SourceTitle "CBM 198 Extra"]
[Source "ChessBase"]
[SourceDate "2020.11.30"]
[SourceVersion "1"]
[SourceVersionDate "2020.11.30"]
[SourceQuality "1"]

1. d4 Nf6 2. c4 g6 3. Nc3 Bg7 4. e4 d6 5. Nf3 0-0 6. Be2 Nc6 7. 0-0 e5 8. d5 Ne7 9. a4 a5 10. b3 Nd7 11. Ne1 Nc5 12. Nd3 b6 13. Ba3 f5 14. f3 f4 15. b4 axb4 16. Bxb4 Nb7 17. Nb5 g5 18. Nf2 h5 19. Qd2 Rf6 20. a5 bxa5 21. Bxa5 Nxa5 22. Rxa5 Rb8 23. Ra7 Bb7 24. Qa5 Nc8 25. Rb1 Nxa7 26. Qxa7 Rf8 27. Nd3 Qc8 28. Qa5 Rf7 29. c5 Ra8 30. Qb4 Ba6 31. cxd6 Bxb5 32. Qxb5 cxd6 33. Rc1 Rc7 34. Rc6 Qb7 35. Qc4 Ra1+ 36. Kf2 Qa7+ 37. Nc5 Rxc6 38. dxc6+ Kh7 39. c7 Qxc7 40. Nb3 Qa7+ 0-1

[Event "Titled Tuesday intern op 4th Aug 10am"]
[Site "Chess.com INT"]
[Date "2020.08.04"]
[Round "3"]
[White "Fernandez Sibaja, Felipe Josue"]
[Black "Efremova, Yulia"]
[Result "1-0"]
[WhiteElo "2031"]
[BlackElo "2128"]
[PlyCount "65"]
[EventDate "2020.08.04"]
[EventType "swiss (blitz)"]
[EventRounds "10"]
[EventCountry "USA"]
[SourceTitle "CBM 197 Extra"]
[Source "ChessBase"]
[SourceDate "2020.09.30"]
[SourceVersion "1"]
[SourceVersionDate "2020.09.30"]
[SourceQuality "1"]

1. d4 e5 2. dxe5 Nc6 3. Nf3 Qe7 4. Bf4 Qb4+ 5. Bd2 Qxb2 6. Nc3 Bb4 7. Rb1 Qa3 8. Nb5 Qa5 9. Nxc7+ Qxc7 10. Bxb4 Nxe5 11. Nxe5 Qxe5 12. e3 Ne7 13. Bd3 0-0 14. 0-0 Re8 15. Ba3 d5 16. Bb2 Qc7 17. Bd4 Nc6 18. Qh5 g6 19. Qxd5 Rd8 20. Qc4 Be6 21. Qc3 Rac8 22. Bh8 f5 23. Bf6 Rd7 24. Qb2 Ne7 25. Rfd1 Nd5 26. Be5 Qd8 27. Bb5 Rc6 28. Bxc6 bxc6 29. c4 Nb6 30. Rxd7 Qxd7 31. c5 Nd5 32. Qb8+ Kf7 33. Rb7 1-0

[Event "Titled Tuesday intern op 4th Aug 10am"]
[Site "Chess.com INT"]
[Date "2020.08.04"]
[Round "5"]
[White "Fernandez Sibaja, Felipe Josue"]
[Black "Kozak, Alexander"]
[Result "0-1"]
[WhiteElo "2031"]
[BlackElo "2230"]
[PlyCount "62"]
[EventDate "2020.08.04"]
[EventType "swiss (blitz)"]
[EventRounds "10"]
[EventCountry "USA"]
[SourceTitle "CBM 197 Extra"]
[Source "ChessBase"]
[SourceDate "2020.09.30"]
[SourceVersion "1"]
[SourceVersionDate "2020.09.30"]
[SourceQuality "1"]

1. d4 g6 2. c4 Bg7 3. e4 d6 4. Nf3 Nd7 5. Be2 e5 6. 0-0 Ne7 7. Nc3 0-0 8. Bg5 h6 9. Be3 f5 10. Nh4 f4 11. Bc1 exd4 12. Nb5 g5 13. Nf3 Nc5 14. Nfxd4 Nxe4 15. Bf3 Nf6 16. Re1 c6 17. Nc3 g4 18. Be2 f3 19. Bd3 fxg2 20. Ne6 Bxe6 21. Rxe6 Qd7 22. Qe2 Rae8 23. Bf4 Ng6 24. Rxe8 Rxe8 25. Qd2 Nh4 26. Be2 Qf5 27. Qxd6 Ne4 28. Nxe4 Qxe4 29. Be3 Nf5 30. Bd3 Nxd6 31. Bxe4 Nxe4 0-1

[Event "Titled Tuesday intern op 4th Aug 10am"]
[Site "Chess.com INT"]
[Date "2020.08.04"]
[Round "8"]
[White "Fernandez Sibaja, Felipe Josue"]
[Black "Pischal, Yulia"]
[Result "1-0"]
[WhiteElo "2031"]
[BlackElo "1963"]
[PlyCount "87"]
[EventDate "2020.08.04"]
[EventType "swiss (blitz)"]
[EventRounds "10"]
[EventCountry "USA"]
[SourceTitle "CBM 197 Extra"]
[Source "ChessBase"]
[SourceDate "2020.09.30"]
[SourceVersion "1"]
[SourceVersionDate "2020.09.30"]
[SourceQuality "1"]

1. d4 f5 2. c4 Nf6 3. Nc3 g6 4. Nf3 Bg7 5. Bf4 0-0 6. e3 d6 7. Bd3 c6 8. 0-0 Nbd7 9. Re1 Qe8 10. Bg3 e5 11. dxe5 dxe5 12. e4 f4 13. Bh4 h6 14. Bxf6 Bxf6 15. Nd2 Nc5 16. Be2 Be6 17. b4 Na6 18. a3 Rd8 19. c5 Nc7 20. Qc2 Qf7 21. Nd1 g5 22. Bc4 g4 23. Bxe6 Nxe6 24. Nc4 Nd4 25. Qa2 Kh7 26. Nd6 Qg7 27. Nb2 f3 28. g3 Qg5 29. Nbc4 Qh5 30. h4 gxh3 31. Kh2 Rd7 32. Ne3 Bg5 33. Nef5 Ne2 34. Qe6 Rdd8 35. Qxe5 Bf6 36. Qe6 Bxa1 37. Rxa1 Qg6 38. Qe7+ Kh8 39. Qh4 Rf6 40. Qxh3 Rg8 41. Rb1 Kh7 42. Rb3 a6 43. Rxf3 a5 44. Re3 1-0

[Event "Titled Tuesday intern op 4th Aug 10am"]
[Site "Chess.com INT"]
[Date "2020.08.04"]
[Round "9"]
[White "Fernandez Sibaja, Felipe Josue"]
[Black "Xie, Bryan"]
[Result "0-1"]
[WhiteElo "2031"]
[BlackElo "2050"]
[PlyCount "26"]
[EventDate "2020.08.04"]
[EventType "swiss (blitz)"]
[EventRounds "10"]
[EventCountry "USA"]
[SourceTitle "CBM 197 Extra"]
[Source "ChessBase"]
[SourceDate "2020.09.30"]
[SourceVersion "1"]
[SourceVersionDate "2020.09.30"]
[SourceQuality "1"]

1. d4 Nf6 2. c4 e6 3. Nf3 b6 4. a3 Bb7 5. Nc3 Be7 6. d5 0-0 7. e4 d6 8. Bd3 e5 9. 0-0 Nbd7 10. b4 a5 11. Rb1 axb4 12. axb4 Nh5 13. Nxe5 Nxe5 0-1

[Event "Titled Tuesday intern op 4th Aug 10am"]
[Site "Chess.com INT"]
[Date "2020.08.04"]
[Round "6"]
[White "Fronda Pascua, Jan Jodilyn"]
[Black "Fernandez Sibaja, Felipe Josue"]
[Result "1-0"]
[WhiteElo "2152"]
[BlackElo "2031"]
[PlyCount "71"]
[EventDate "2020.08.04"]
[EventType "swiss (blitz)"]
[EventRounds "10"]
[EventCountry "USA"]
[SourceTitle "CBM 197 Extra"]
[Source "ChessBase"]
[SourceDate "2020.09.30"]
[SourceVersion "1"]
[SourceVersionDate "2020.09.30"]
[SourceQuality "1"]

1. d4 Nf6 2. c4 e6 3. g3 c5 4. d5 exd5 5. cxd5 d6 6. Nc3 g6 7. Bg2 Bg7 8. Nf3 0-0 9. 0-0 Re8 10. Bf4 Ne4 11. Nxe4 Rxe4 12. Nd2 Rxf4 13. gxf4 Bxb2 14. Rb1 Bg7 15. e4 b6 16. Re1 Nd7 17. Nc4 Bf8 18. e5 Ba6 19. Nxd6 Bxd6 20. exd6 Nf6 21. Qa4 Bc8 22. Qc6 Bd7 23. Qc7 Ne8 24. Qxd8 Rxd8 25. Re3 Nxd6 26. Ra3 Bf5 27. Re1 Rd7 28. Bf1 Kg7 29. Rae3 Kf6 30. a4 Bc2 31. a5 b5 32. Rc3 Be4 33. Rxc5 a6 34. Rc6 Bxd5 35. Rxa6 Bb7 36. Rb6 1-0

[Event "Titled Tuesday intern op 4th Aug 10am"]
[Site "Chess.com INT"]
[Date "2020.08.04"]
[Round "7"]
[White "Grinev, Valeriy"]
[Black "Fernandez Sibaja, Felipe Josue"]
[Result "1-0"]
[WhiteElo "2441"]
[BlackElo "2031"]
[PlyCount "47"]
[EventDate "2020.08.04"]
[EventType "swiss (blitz)"]
[EventRounds "10"]
[EventCountry "USA"]
[SourceTitle "CBM 197 Extra"]
[Source "ChessBase"]
[SourceDate "2020.09.30"]
[SourceVersion "1"]
[SourceVersionDate "2020.09.30"]
[SourceQuality "1"]

1. d4 Nf6 2. c4 e6 3. Nc3 Bb4 4. e3 0-0 5. Bd3 d5 6. Nf3 c5 7. 0-0 Nc6 8. a3 Ba5 9. Rb1 cxd4 10. exd4 dxc4 11. Bxc4 a6 12. Bg5 h6 13. Bh4 Bxc3 14. bxc3 b5 15. Bd3 Qd5 16. a4 Ne4 17. Bxe4 Qxe4 18. axb5 axb5 19. Rxb5 Ba6 20. Re1 Qg4 21. Rb6 Na5 22. h3 Qh5 23. Re5 Qg6 24. Rxa5 1-0

[Event "Titled Tuesday intern op 4th Aug 10am"]
[Site "Chess.com INT"]
[Date "2020.08.04"]
[Round "10"]
[White "Sharmin, Samiha Shimmi"]
[Black "Fernandez Sibaja, Felipe Josue"]
[Result "0-1"]
[WhiteElo "1812"]
[BlackElo "2031"]
[PlyCount "74"]
[EventDate "2020.08.04"]
[EventType "swiss (blitz)"]
[EventRounds "10"]
[EventCountry "USA"]
[SourceTitle "CBM 197 Extra"]
[Source "ChessBase"]
[SourceDate "2020.09.30"]
[SourceVersion "1"]
[SourceVersionDate "2020.09.30"]
[SourceQuality "1"]

1. e4 c5 2. Nf3 d6 3. d4 Nf6 4. Nc3 cxd4 5. Nxd4 Nc6 6. Bc4 Qb6 7. Nde2 g6 8. 0-0 Bg7 9. Bb3 0-0 10. Be3 Qd8 11. Qd2 Ng4 12. Bg5 h6 13. Bh4 a6 14. h3 Nf6 15. f4 b5 16. f5 g5 17. Bxg5 hxg5 18. Qxg5 Ne5 19. Nf4 Bb7 20. Ng6 b4 21. Nxf8 Kxf8 22. Nd5 Nxe4 23. Qh4 Nf6 24. Nxf6 Bxf6 25. Qh7 a5 26. a4 Qb6+ 27. Kh1 Qc6 28. Rf2 Ke8 29. Re1 Kd7 30. Qh5 Rh8 31. Qe2 Rxh3+ 32. Kg1 Rg3 33. Rd1 Nf3+ 34. Kf1 Nd4 35. Qd2 Nxf5 36. Bd5 Qxd5 37. Qxd5 Ne3+ 0-1

[Event "CRI-ch"]
[Site "San Jose"]
[Date "2020.01.14"]
[Round "5"]
[White "Diaz Charpentier, Kristel Melissa"]
[Black "Fernandez Sibaja, Felipe Josue"]
[Result "1-0"]
[WhiteElo "1753"]
[BlackElo "2098"]
[PlyCount "75"]
[EventDate "2020.01.10"]
[EventType "swiss"]
[EventRounds "11"]
[EventCountry "CRI"]
[SourceTitle "CBM 194 Extra"]
[Source "ChessBase"]
[SourceDate "2020.03.31"]
[SourceVersion "1"]
[SourceVersionDate "2020.03.31"]
[SourceQuality "1"]

1. e4 e6 2. d4 c5 3. Nf3 Nf6 4. Nc3 cxd4 5. Nxd4 d6 6. Be2 Be7 7. 0-0 0-0 8. Be3 Nc6 9. Nb3 a6 10. a4 b6 11. f4 Bb7 12. Bf3 Qc7 13. Qe2 Rfe8 14. Rad1 Bf8 15. Qf2 Nd7 16. f5 Nce5 17. Be2 Rac8 18. Nd4 Nc5 19. Bf3 Nc4 20. Bc1 e5 21. Nde2 d5 22. Nxd5 Bxd5 23. Rxd5 Nxa4 24. b3 Bc5 25. Rxc5 Nxc5 26. bxc4 Nd7 27. Qg3 Kh8 28. Nc3 Qxc4 29. Nd5 Qxc2 30. Qh4 Rc6 31. Be3 Qa4 32. Bh5 Rf8 33. Qe7 Rcc8 34. f6 g6 35. Bh6 Rce8 36. Bxf8 Rxf8 37. Bg4 Qxe4 38. Bxd7 1-0

[Event "CRI-ch"]
[Site "San Jose"]
[Date "2020.01.10"]
[Round "1"]
[White "Fernandez Sibaja, Felipe Josue"]
[Black "Castillo Morales, Thais"]
[Result "1/2-1/2"]
[WhiteElo "2098"]
[BlackElo "1823"]
[PlyCount "126"]
[EventDate "2020.01.10"]
[EventType "swiss"]
[EventRounds "11"]
[EventCountry "CRI"]
[SourceTitle "CBM 194 Extra"]
[Source "ChessBase"]
[SourceDate "2020.03.31"]
[SourceVersion "1"]
[SourceVersionDate "2020.03.31"]
[SourceQuality "1"]

1. d4 e6 2. c4 Nf6 3. Nc3 Bb4 4. e3 0-0 5. Bd3 b6 6. Nge2 Bb7 7. a3 Bxc3+ 8. Nxc3 d5 9. cxd5 exd5 10. 0-0 Nbd7 11. b4 Rc8 12. Bb2 c5 13. dxc5 bxc5 14. Bf5 Rb8 15. Rb1 cxb4 16. axb4 Nb6 17. Qd4 Nc4 18. Ba1 Qb6 19. Qh4 h6 20. Na4 Qd8 21. Rfd1 Ne4 22. Qg4 Qg5 23. Qxg5 hxg5 24. Nc5 Nxc5 25. bxc5 Bc6 26. Bd3 a5 27. Rbc1 Nb2 28. Rd2 Nxd3 29. Rxd3 Rb4 30. Be5 a4 31. h3 Ra8 32. Ra1 Kf8 33. Raa3 Ke7 34. Kh2 Ke6 35. Bd4 Bb5 36. Rdc3 Rc4 37. Kg3 Rxc3 38. Rxc3 a3 39. c6 a2 40. Rc5 Bc4 41. c7 Rc8 42. Kg4 f6 43. h4 gxh4 44. Kxh4 Kd6 45. Ra5 Rxc7 46. g4 Ke6 47. Kg3 Rb7 48. Ra8 Rb1 49. Kf4 Rb7 50. Bc5 Kd7 51. Bd4 Kc6 52. Ra5 Rb5 53. Ra7 Rb7 54. Rxb7 Kxb7 55. g5 fxg5+ 56. Kf5 Bd3+ 57. Kg4 Kc7 58. Kxg5 Kd7 59. Bxg7 Ke7 60. Bd4 Kf7 61. Kf4 Be4 62. Ke5 Bf3 63. Kd6 Be4 1/2-1/2

[Event "San Jose Metropolitano op"]
[Site "San Jose"]
[Date "2019.12.29"]
[Round "8"]
[White "Hart, Alexander E"]
[Black "Fernandez Sibaja, Felipe Josue"]
[Result "0-1"]
[WhiteElo "1963"]
[BlackElo "2088"]
[PlyCount "52"]
[EventDate "2019.12.26"]
[EventType "swiss"]
[EventRounds "9"]
[EventCountry "CRI"]
[SourceTitle "EXT 2021"]
[Source "ChessBase"]
[SourceDate "2020.10.23"]
[SourceVersion "1"]
[SourceVersionDate "2020.10.23"]
[SourceQuality "1"]

1. Nf3 Nf6 2. c4 e6 3. e3 d5 4. b3 Be7 5. Bb2 0-0 6. Nc3 b6 7. cxd5 exd5 8. Be2 Bb7 9. 0-0 Nbd7 10. Rc1 Re8 11. Nb5 c6 12. Nbd4 Rc8 13. Nf5 Bf8 14. Qc2 c5 15. Qb1 g6 16. Ng3 h5 17. Bd3 Ne4 18. Ne2 Bg7 19. Bxg7 Kxg7 20. Nf4 Qf6 21. Bb5 Ne5 22. Nxe5 Rxe5 23. Qd3 Rd8 24. f3 Nd6 25. Qe2 c4 26. d4 Re7 0-1

[Event "San Jose Metropolitano op"]
[Site "San Jose"]
[Date "2019.12.28"]
[Round "6"]
[White "Rodriguez Arrieta, Maria Elena"]
[Black "Fernandez Sibaja, Felipe Josue"]
[Result "1/2-1/2"]
[WhiteElo "1900"]
[BlackElo "2088"]
[PlyCount "162"]
[EventDate "2019.12.26"]
[EventType "swiss"]
[EventRounds "9"]
[EventCountry "CRI"]
[SourceTitle "EXT 2021"]
[Source "ChessBase"]
[SourceDate "2020.10.23"]
[SourceVersion "1"]
[SourceVersionDate "2020.10.23"]
[SourceQuality "1"]

1. e4 e5 2. Nf3 Nc6 3. Bb5 a6 4. Ba4 Nf6 5. 0-0 Nxe4 6. Re1 Nc5 7. Bxc6 dxc6 8. Nxe5 Be7 9. d4 Ne6 10. c3 0-0 11. Nd2 c5 12. dxc5 Nxc5 13. Nf1 Qxd1 14. Rxd1 Be6 15. Be3 Rfd8 16. Bd4 f6 17. Nd3 Nxd3 18. Rxd3 c5 19. Re3 cxd4 20. Rxe6 Bc5 21. cxd4 Bxd4 22. g3 Be5 23. Rc1 Rac8 24. Rxc8 Rxc8 25. Rb6 Rc7 26. b3 Bd4 27. Rd6 Bc5 28. Rd2 Re7 29. Kg2 g5 30. h3 h5 31. Nh2 Kf7 32. Nf3 a5 33. Rc2 b6 34. Kf1 Re4 35. Nd2 Rd4 36. Nc4 Rd1+ 37. Kg2 Kg6 38. Nxa5 Bxf2 39. Kxf2 bxa5 40. Kg2 Rd4 41. Kf3 h4 42. g4 Rd3+ 43. Kg2 Rg3+ 44. Kh2 Rd3 45. Kg2 Kf7 46. Re2 Rg3+ 47. Kh2 Rc3 48. Kg2 Rc6 49. Kf3 Rc1 50. Kg2 Rc5 51. Kf3 Rc3+ 52. Kg2 Rc1 53. Kf2 Kg6 54. Rd2 Rc6 55. Kf3 Rc3+ 56. Kg2 Rg3+ 57. Kh2 Re3 58. Kg2 Kf7 59. Rf2 Ke6 60. Rf5 Re2+ 61. Rf2 Re5 62. Rd2 Re3 63. Rf2 Rc3 64. Rf5 Rc2+ 65. Rf2 Rc5 66. Rd2 Ke5 67. Rf2 Ke6 68. Re2+ Kf7 69. Kf3 Rc1 70. Kf2 Kg6 71. Kg2 Rc6 72. Kf3 f5 73. gxf5+ Kxf5 74. Kf2 Kf4 75. Rd2 Rc5 76. Rd4+ Kf5 77. Rd2 Ke4 78. Re2+ Kd4 79. Kg2 Kd3 80. Rf2 Rc2 81. a3 Rxf2+ 1/2-1/2

[Event "San Jose Banco Central op"]
[Site "San Jose"]
[Date "2019.11.19"]
[Round "4"]
[White "Fernandez Sibaja, Felipe Josue"]
[Black "Murillo Tsijli, Alexis"]
[Result "0-1"]
[WhiteElo "2095"]
[BlackElo "2290"]
[PlyCount "56"]
[EventDate "2019.10.29"]
[EventType "swiss"]
[EventRounds "7"]
[EventCountry "CRI"]
[SourceTitle "EXT 2021"]
[Source "ChessBase"]
[SourceDate "2020.10.23"]
[SourceVersion "1"]
[SourceVersionDate "2020.10.23"]
[SourceQuality "1"]

1. d4 e6 2. c4 Bb4+ 3. Nd2 b6 4. a3 Bxd2+ 5. Qxd2 Bb7 6. Nf3 Nf6 7. g3 Bxf3 8. exf3 d5 9. c5 0-0 10. b4 Nc6 11. Bb5 Qe8 12. Kf1 a6 13. Ba4 b5 14. Bc2 e5 15. dxe5 Qxe5 16. Bb2 d4 17. Re1 Qd5 18. Kg2 Rad8 19. Qf4 Qa2 20. Re2 Rfe8 21. Rhe1 Qxb2 22. Rxe8+ Rxe8 23. Bxh7+ Kf8 24. Rxe8+ Nxe8 25. Bg6 Qb3 26. Be4 Ne7 27. Bb7 d3 28. Bxa6 c6 0-1

[Event "San Jose Banco Central op"]
[Site "San Jose"]
[Date "2019.10.29"]
[Round "1"]
[White "Rivera Obando, Juan Jose"]
[Black "Fernandez Sibaja, Felipe Josue"]
[Result "0-1"]
[WhiteElo "1583"]
[BlackElo "2095"]
[PlyCount "70"]
[EventDate "2019.10.29"]
[EventType "swiss"]
[EventRounds "7"]
[EventCountry "CRI"]
[SourceTitle "EXT 2021"]
[Source "ChessBase"]
[SourceDate "2020.10.23"]
[SourceVersion "1"]
[SourceVersionDate "2020.10.23"]
[SourceQuality "1"]

1. e4 c5 2. Nf3 d6 3. Bc4 Nc6 4. d3 g6 5. 0-0 Bg7 6. a3 Nf6 7. Nc3 0-0 8. Bd2 Rb8 9. Rb1 Bg4 10. h3 Bxf3 11. Qxf3 b5 12. Ba2 a5 13. Nd5 b4 14. c3 b3 15. Bxb3 Rxb3 16. Ne3 Qb8 17. Nc4 Nd7 18. Qd1 Nde5 19. Nxe5 Nxe5 20. Bg5 Re8 21. Qc2 c4 22. dxc4 Nxc4 23. f3 h6 24. Bd2 Nxd2 25. Qxd2 Bxc3 26. Qxh6 Rxb2 27. Rbd1 Ra2 28. f4 Bf6 29. Rd5 Qb2 30. Rg5 Bxg5 31. Qxg5 Rc8 32. Kh1 Rc2 33. Rg1 Rxa3 34. e5 Rxh3+ 35. gxh3 Rh2# 0-1

[Event "Vazquez Memorial IM 17th"]
[Site "Mayabeque"]
[Date "2019.09.28"]
[Round "6"]
[White "Obregon Garcia, Roxangel"]
[Black "Fernandez Sibaja, Felipe Josue"]
[Result "1/2-1/2"]
[WhiteElo "2267"]
[BlackElo "2095"]
[PlyCount "28"]
[EventDate "2019.09.25"]
[EventType "tourn"]
[EventRounds "9"]
[EventCountry "CUB"]
[EventCategory "1"]
[SourceTitle "EXT 2020"]
[Source "ChessBase"]
[SourceDate "2019.10.17"]
[SourceVersion "1"]
[SourceVersionDate "2019.10.17"]
[SourceQuality "1"]

1. e4 c5 2. Nf3 d6 3. d4 Nf6 4. Nc3 cxd4 5. Nxd4 Nc6 6. f3 e5 7. Nb3 Be7 8. Be3 Be6 9. Qd2 a5 10. Bb5 0-0 11. Rd1 Na7 12. Bd3 Nc6 13. Bb5 Na7 14. Bd3 Nc6 1/2-1/2

[Event "Vazquez Memorial IM 17th"]
[Site "Mayabeque"]
[Date "2019.09.26"]
[Round "3"]
[White "Chinchilla Miranda, Eugenio"]
[Black "Fernandez Sibaja, Felipe Josue"]
[Result "1-0"]
[WhiteElo "2247"]
[BlackElo "2095"]
[PlyCount "79"]
[EventDate "2019.09.25"]
[EventType "tourn"]
[EventRounds "9"]
[EventCountry "CUB"]
[EventCategory "1"]
[SourceTitle "EXT 2020"]
[Source "ChessBase"]
[SourceDate "2019.10.17"]
[SourceVersion "1"]
[SourceVersionDate "2019.10.17"]
[SourceQuality "1"]

1. d4 d5 2. c4 e6 3. Nc3 c5 4. cxd5 exd5 5. Nf3 Nc6 6. dxc5 d4 7. Na4 b5 8. cxb6 axb6 9. e3 Bb4+ 10. Bd2 d3 11. Bxb4 Nxb4 12. Nd4 Ba6 13. Qb3 Nd5 14. Rd1 Nxe3 15. fxe3 Qh4+ 16. Kd2 Qf2+ 17. Kc1 Qxe3+ 18. Kb1 Qxd4 19. Nxb6 Rd8 20. Re1+ Ne7 21. Qa4+ Qxa4 22. Nxa4 Bb7 23. Nc5 d2 24. Rd1 Bc6 25. Bd3 Rd5 26. b4 0-0 27. Rxd2 Rb8 28. Rb2 Ng6 29. Rc1 Ne5 30. Bf1 Nd7 31. Na6 Rb6 32. Nc7 Rh5 33. g3 g6 34. b5 Be4+ 35. Ka1 Nc5 36. h4 Re5 37. Rb4 Rb7 38. Ne8 Na6 39. Rxe4 Rxe4 40. Nf6+ 1-0

[Event "Vazquez Memorial IM 17th"]
[Site "Mayabeque"]
[Date "2019.09.26"]
[Round "2"]
[White "Fernandez Sibaja, Felipe Josue"]
[Black "Torres, Juan Camilo"]
[Result "0-1"]
[WhiteElo "2095"]
[BlackElo "2255"]
[PlyCount "60"]
[EventDate "2019.09.25"]
[EventType "tourn"]
[EventRounds "9"]
[EventCountry "CUB"]
[EventCategory "1"]
[SourceTitle "EXT 2020"]
[Source "ChessBase"]
[SourceDate "2019.10.17"]
[SourceVersion "1"]
[SourceVersionDate "2019.10.17"]
[SourceQuality "1"]

1. c4 c5 2. Nf3 Nf6 3. Nc3 Nc6 4. e3 e6 5. d4 d5 6. a3 Be7 7. dxc5 Bxc5 8. b4 Be7 9. Bb2 0-0 10. cxd5 exd5 11. Be2 a6 12. 0-0 Be6 13. Rc1 Bd6 14. Qc2 Qe7 15. Rfd1 Rac8 16. Qb1 Bb8 17. Na4 Ne4 18. Nc5 Bg4 19. Rxd5 Bxf3 20. Bxf3 Bxh2+ 21. Kh1 Nxc5 22. Rdxc5 Bd6 23. R5c4 Rcd8 24. Bxc6 bxc6 25. Qf5 Bb8 26. Qg4 f5 27. Qf3 Rd2 28. R4c2 Qh4+ 29. Qh3 Qxf2 30. Rxc6 Rxb2 0-1

[Event "Clemente Vazquez Memorial-B 16th"]
[Site "Havana"]
[Date "2018.10.19"]
[Round "9"]
[White "Fernandez Sibaja, Felipe Josue"]
[Black "Campos Jimenez, Augusto Cesar"]
[Result "0-1"]
[WhiteElo "2111"]
[BlackElo "2383"]
[PlyCount "66"]
[EventDate "2018.10.13"]
[EventType "tourn"]
[EventRounds "10"]
[EventCountry "CUB"]
[EventCategory "1"]
[SourceTitle "EXT 2021"]
[Source "ChessBase"]
[SourceDate "2020.10.23"]
[SourceVersion "1"]
[SourceVersionDate "2020.10.23"]
[SourceQuality "1"]

1. d4 Nf6 2. c4 e6 3. Nc3 Bb4 4. e3 0-0 5. Bd3 c5 6. Nf3 d5 7. 0-0 Nc6 8. a3 Bxc3 9. bxc3 Qc7 10. Bb2 Re8 11. Qc2 b6 12. Nd2 dxc4 13. Nxc4 Bb7 14. e4 b5 15. Ne3 c4 16. Be2 Na5 17. e5 Be4 18. Qd1 Nd5 19. Nxd5 Bxd5 20. f4 Nb3 21. Ra2 Qc6 22. Bf3 g5 23. Bc1 Bxf3 24. Rxf3 b4 25. f5 exf5 26. Rxf5 bxc3 27. d5 Qc5+ 28. Raf2 Rad8 29. Rxf7 Qxd5 30. Qf1 Nxc1 31. Qxc1 Qd1+ 32. Qxd1 Rxd1+ 33. Rf1 c2 0-1

[Event "Clemente Vazquez Memorial-B"]
[Site "Santa Maria del Mar"]
[Date "2017.09.23"]
[Round "2"]
[White "Campos Jimenez, Augusto Cesar"]
[Black "Fernandez Sibaja, Felipe Josue"]
[Result "1-0"]
[WhiteElo "2291"]
[BlackElo "2130"]
[PlyCount "57"]
[EventDate "2016.09.22"]
[EventType "tourn"]
[EventRounds "9"]
[EventCountry "CUB"]
[SourceTitle "EXT 2019"]
[Source "ChessBase"]
[SourceDate "2018.10.10"]
[SourceVersion "1"]
[SourceVersionDate "2018.10.10"]
[SourceQuality "1"]

1. d4 Nf6 2. Nf3 g6 3. Bg5 Bg7 4. Nbd2 d5 5. e3 c5 6. c3 Nc6 7. Bd3 0-0 8. 0-0 Nd7 9. Qb1 Qa5 10. dxc5 Qxc5 11. e4 Nde5 12. exd5 Qxd5 13. Be4 Qc5 14. Qc2 Be6 15. Be3 Qb5 16. a4 Qa5 17. Nxe5 Qxe5 18. f4 Qh5 19. f5 gxf5 20. Bxf5 Bxf5 21. Rxf5 Qe2 22. Qe4 Rad8 23. Nf3 Rd3 24. Re1 Qc2 25. Bd4 Nxd4 26. Nxd4 Bxd4+ 27. cxd4 Re8 28. Rg5+ Kh8 29. Qe5+ 1-0